000 00869nam a22002177i 4500
999 _c22942
_d22942
003 AR-CdUCM
008 240606b20152015 pe||||| |||| 00| 0 spa d
040 _aMUNICIPALIDAD PROVINCIAL DEL CUSCO
_cBIBLIOTECA MUNICIPAL DEL CUSCO
082 _aPI / 803 / M61C
_bM61C
100 _aMinisterio de Educación.
_918298
110 _aDirección General de Educación Básica Regular.
_950067
245 _aPrimera Colección de Biografías para Niños y Niñas :
_bCarlota Carvallo de Núñez /
260 _aLima :
_bMinisterio de Educación
_c2015
300 _a23 páginas. :
_bIlustraciones en color.
_c20 cm.
505 _aCarlota Carvallo de Núñez se llamaba -- Era escritora, poeta y pintora
650 _aCuento
_94671
700 _aNúñez Carvallo Rodrigo [ilustrador]
_950068
856 _fwww.minedu.gob.pe
942 _2ddc
_cLIBROS
945 _apbj
_d2024-06-06